000 00657cam a22002291 4500
001 af 48000649
003 DLC
005 20260227110844.0
008 850419s1944 gw ah b 000 0 ger c
010 _aaf 48000649
035 _a(OCoLC)11943540
040 _aChicago. Univ. Libr.
_cCLU
_dDLC
042 _apremarc
050 0 0 _aZ81
_b.M4
082 _a653.47
100 1 _aMentz, Arthur,
_d1882-1957.
245 0 4 _aDie tironischen Noten,
_beine Geschichte der römischen Kurzschrift.
260 _a[Berlin]
_bW. de Gruyter,
_c1944.
300 _a256 p.
_billus., 3 facsims.
_c24 cm.
504 _aBibliographical footnotes.
650 0 _aTironian notes.
999 _c4151
_d4151